Portugalskie dystrykty - Statystyki

Ogólne statystyki
  • Ten quiz został rozwiązany 4 razy
  • Średni wynik to 13 z 18
Statystyki odpowiedzi
Dystrykty % Poprawnych
Dystrykt Braga
100%
Dystrykt Faro
100%
Dystrykt Lizbona
100%
Dystrykt Porto
100%
Dystrykt Aveiro
75%
Dystrykt Bragança
75%
Dystrykt Coimbra
75%
Dystrykt Santarém
75%
Dystrykt Setúbal
75%
Dystrykt Viana do Castelo
75%
Dystrykt Vila Real
75%
Dystrykt Beja
50%
Dystrykt Castelo Branco
50%
Dystrykt Évora
50%
Dystrykt Guarda
50%
Dystrykt Leiria
50%
Dystrykt Portalegre
50%
Dystrykt Viseu
50%
Nie znaleziono quizów pasujących do podanych kryteriów
Rozkład punktacji
Procent ludzi z każdym wynikiem
Percentyl według liczby udzielonych odpowiedzi
Twoja historia wyników
Nie rozwiązałeś tego quizu